给你们拍一寸照吧 / (Record no. 10104)

MARC details
000 -LEADER
fixed length control field 00829nam a22001937a 4500
001 - CONTROL NUMBER
control field 10104
003 - CONTROL NUMBER IDENTIFIER
control field FISKH
005 - DATE AND TIME OF LATEST TRANSACTION
control field 20260408150507.0
008 - FIXED-LENGTH DATA ELEMENTS--GENERAL INFORMATION
fixed length control field 260408b cb ||||| |||| 00| 0 eng d
020 ## - INTERNATIONAL STANDARD BOOK NUMBER
International Standard Book Number 9787802467620
040 ## - CATALOGING SOURCE
Original cataloging agency FISKH
Language of cataloging chi
Transcribing agency FISKH
Modifying agency FISKH
082 ## - DEWEY DECIMAL CLASSIFICATION NUMBER
Classification number 895.1
100 ## - MAIN ENTRY--PERSONAL NAME
Personal name 袍子菌
245 ## - TITLE STATEMENT
Title 给你们拍一寸照吧 /
Statement of responsibility, etc. By 袍子菌
300 ## - PHYSICAL DESCRIPTION
Extent 32 unnumbered pages :
Other physical details color illustrations ;
Dimensions 25 cm .
520 ## - SUMMARY, ETC.
Summary, etc. 这是一本温馨的儿童绘本,讲述了一只长颈鹿因为缺乏自信,总觉得自己不够好看,于是不断听从他人的意见去改变自己,结果反而变得混乱不堪。最终,它学会接纳真实的自己,找回自信。故事通过生动有趣的情节,引导孩子认识自我价值,建立自信心。
942 ## - ADDED ENTRY ELEMENTS (KOHA)
Source of classification or shelving scheme Dewey Decimal Classification
Koha item type Chinese Book
Suppress in OPAC No
Holdings
Withdrawn status Lost status Source of classification or shelving scheme Damaged status Not for loan Collection Home library Current library Shelving location Date acquired Total Checkouts Full call number Barcode Date last seen Price effective from Koha item type
    Dewey Decimal Classification     Reference Footprints International School Library Network Toul Tom Poung Campus Footprints International School Library Network Toul Tom Poung Campus Librarian's Shelf TTP 04/08/2026   895.1 袍子菌 2026-0476 04/08/2026 04/08/2026 Chinese Book